Science Quiz

Random Science or Numbers Quiz

Ultrasound Contraindications Quiz Stats

 Plays Quiz not verified by Sporcle

Support Sporcle.
Go Orange.
Score 0/14 Timer 05:00
0 Plays Today
Number Contraindication % Correct
9Pregnancy
74.1%
10Pacemaker
63%
11Malignancy
48.1%
14Infection
48.1%
6Eyes
44.4%
5Thrombophlebitis
40.7%
4Vascular insufficiency
37%
Number Contraindication % Correct
7Reproductive organs
37%
2Decreased temperature sensation
29.6%
3Decreased circulation
29.6%
8Pelvis immediately following menses
25.9%
1Acute and post-acute conditions
22.2%
13Total joint replacements
22.2%
12Epiphyseal areas in younger children
14.8%

You're not logged in!

Compare scores with friends on all Sporcle quizzes.
OR
Log In

From the Vault

10 'Que' Words

by samc67

How many of these queries can you complete?
Remove Ads.
Support Sporcle.
Get the best of Sporcle when you Go Orange. This ad-free experience offers more features, more stats, and more fun while also helping to support Sporcle. Thank you for becoming a member.

Show Comments

Extras

Created Feb 25, 2011ReportNominate
Tags:Numbers Quiz

Top Quizzes Today


Score Distribution

Your Account Isn't Verified!

In order to create a playlist on Sporcle, you need to verify the email address you used during registration. Go to your Sporcle Settings to finish the process.

Report this User

Report this user for behavior that violates our Community Guidelines.

Details: